|
|
|
|
| LEADER |
00000nas a22000007a 4500 |
| 001 |
ssj0000825991 |
| 003 |
WaSeSS |
| 005 |
20200512172242.0 |
| 006 |
m d |
| 007 |
cr n |
| 008 |
120312c20119999arufr p s | a0eng |
| 010 |
|
|
|a 2012201834
|
| 022 |
|
|
|a 2166-3750
|y 2162-3104
|
| 035 |
|
|
|a (WaSeSS)ssj0000825991
|
| 037 |
|
|
|b Journal of International Students, c/o Krishna Bista, P.O. Box 1270 State University, Arkansas State University, Jonesboro, AR 72467
|
| 040 |
|
|
|a DLC
|b eng
|c DLC
|d DLC
|d OCLCQ
|d LND
|d OCLCO
|d OCLCQ
|d OCLCF
|d DLC
|d VT2
|d WaSeSS
|
| 042 |
|
|
|a pcc
|a nsdp
|
| 082 |
1 |
0 |
|a 378.1
|2 14
|
| 210 |
0 |
|
|a J. int. stud.
|b (Online)
|
| 222 |
|
0 |
|a Journal of international students
|b (Online)
|
| 245 |
0 |
0 |
|a Journal of international students
|h [electronic resource].
|
| 246 |
1 |
|
|a JOIS
|
| 246 |
1 |
|
|a JIS
|
| 260 |
|
|
|a Jonesboro, AR :
|b Journal of International Students
|
| 310 |
|
|
|a Semiannual
|
| 362 |
1 |
|
|a Began with: Vol. 1, issue 1 (spring 2011).
|
| 506 |
|
|
|a License restrictions may limit access.
|
| 588 |
|
|
|a Description based on: Vol. 1, issue 2 (fall 2011); title from banner (JOIS website, viewed on Mar. 12, 2012).
|
| 588 |
|
|
|a Latest issue consulted: Vol. 1, issue 2 (fall 2011) (website, viewed on Mar. 12, 2012).
|
| 650 |
|
0 |
|a Students, Foreign
|v Periodicals.
|
| 650 |
|
0 |
|a American students
|x Social conditions
|v Periodicals.
|
| 650 |
|
0 |
|a Culture shock
|v Periodicals.
|
| 650 |
|
7 |
|a Culture shock.
|2 fast
|0 (OCoLC)fst00885117
|
| 650 |
|
7 |
|a Students, Foreign.
|2 fast
|0 (OCoLC)fst01136169
|
| 655 |
|
0 |
|a Electronic journals.
|
| 710 |
2 |
|
|a Arkansas State University.
|
| 776 |
0 |
8 |
|i Print version:
|t Journal of international students
|x 2162-3104
|w (DLC) 2011202946
|w (OCoLC)740840258
|
| 856 |
4 |
0 |
|z Full text available from Research Library: 10/01/2011 to present
|u https://search.proquest.com/publication/2028787
|